000 00435nam a22001697a 4500
003 MACL
005 20160116173505.0
008 160116b xxu||||| |||| 00| 0 eng d
040 _cMACL
041 _aEnglish
082 _a930/SEN
100 _aSengupta,Gautam
_933053
245 _aPast and Present Ethnoarchaeology in India
260 _aNew Delhi
_bPragati Publications
_c2006
650 _aArchaeology
_932940
942 _2ddc
_cBK
999 _c52740
_d52740